Socha sv. Rochusa

Podrobná bibliografia
Hlavný autor: Meštrović, Ivan, 1883-1962 (Autor)
Médium: Článok
Jazyk:slovenčina
Predmet:

MARC

LEADER 00000nab a22000001a 4500
001 vtls010308925
003 SK-MaSNL
005 20260303162354.0
008 230302c1923 xo |r|p|||| |000 b|slo
015 |a SNBRRBVU1918-1938 
038 |a SNKBUCL 
040 |a SNKBUVU  |b slo  |c SNKBUCL  |e AACR2 
041 0 |a slo 
044 |a xo  |c SK 
080 |a 730.071.1  |2 1997 
080 |a 730.027  |2 1997 
100 1 |a Meštrović, Ivan,  |d 1883-1962  |4 aut  |9 148088 
245 1 0 |a Socha sv. Rochusa  |c Ivan Meštrovič 
500 |a Socha v jednej z kaplniek hrobky Račićovskej 
650 0 7 |a chorvátske sochárstvo  |2 MM  |9 182841 
650 0 7 |a sochy  |2 MM  |9 29846 
655 7 |a reprodukcie výtvarných diel  |2 MM  |9 310790 
773 0 |t Slovenské pohľady  |g Roč. 39, č. 12 (1923), s. 728b 
852 |a SNK  |b KIS3GCP 
910 |a snkrbvumm 
958 |a VY 
958 |a OND 
958 |a EUIPO 
999 |c 2053594  |d 2055524